Zjevení : nejhůř se věří tomu, co se opravdu stalo /
Uloženo v:
| Hlavní autor: | |
|---|---|
| Médium: | Kniha |
| Jazyk: | Czech |
| Vydáno: |
Praha :
Euromedia Group,
2026
|
| Vydání: | Vydání první |
| Celkem bylo vypůjčeno: | 0x |
| Tagy: |
Žádné tagy |
| LEADER | 00947nam a2200277 i 4500 | ||
|---|---|---|---|
| 001 | 106322 | ||
| 003 | CZ PrNK | ||
| 005 | 20260512150645.0 | ||
| 007 | ta | ||
| 008 | 260511s2026 xr g 000 f cze | ||
| 015 | |a cnb003750366 | ||
| 020 | |a 9788028415228 |q (brožováno) | ||
| 040 | |a ABG001 |b cze |e rda | ||
| 100 | 1 | |a Surmanová, Kateřina, |d 1984- |7 ola2011619666 |4 aut |9 113621 | |
| 245 | 1 | 0 | |a Zjevení : |b nejhůř se věří tomu, co se opravdu stalo / |c Kateřina Surmanová |
| 250 | |a Vydání první | ||
| 264 | 1 | |a Praha : |b Euromedia Group, |c 2026 | |
| 300 | |a 412 stran ; |c 24 cm | ||
| 336 | |a text |b txt |2 rdacontent | ||
| 337 | |a bez média |b n |2 rdamedia | ||
| 338 | |a svazek |b nc |2 rdacarrier | ||
| 710 | 2 | |a Euromedia Group |7 kn20100114009 |4 pbl |9 117126 | |
| 910 | |a UOG502 | ||
| 942 | |2 ddc |c KN | ||
| 999 | |d 106322 | ||
| 993 | |0 0 |1 421180107043 |2 ddc |4 0 |7 0 |9 99695 |b 0 |c 107043 |d 2026-05-12 |e 0 |f DOSP |h 499.00 |i Koupě |l DOSP |r 2026-05-13 |t 6 |w 2026-05-12 |y KN |z BELET |n | ||